La educación integral en el preescolar: propuesta pedagógica
Zapisane w:
| 1. autor: | |
|---|---|
| Format: | Książka |
| Język: | hiszpański |
| Wydane: |
Bogotá
Magisterio
2004
|
| Wydanie: | 2a. ed |
| Seria: | Colección Escuela Transformada
|
| Hasła przedmiotowe: | |
| Etykiety: |
Dodaj etykietę
Nie ma etykietki, Dołącz pierwszą etykiete!
|
MARC
| LEADER | 00000nam a2200000 a 4500 | ||
|---|---|---|---|
| 001 | UCI1179 | ||
| 003 | CL-VaPUC | ||
| 008 | 070622e20040000CK |||||||||||||||||spa|d | ||
| 020 | |a 9582006919 | ||
| 082 | 0 | 4 | |a 372.21 |b IAF |2 21 |
| 100 | |a Iafrancesco Villegas, Giovanni Marcello |e author |9 521417 | ||
| 245 | 1 | 3 | |a La educación integral en el preescolar: propuesta pedagógica |
| 250 | |a 2a. ed | ||
| 300 | |a 188 p | ||
| 942 | |c BK | ||
| 945 | |d 20070622 00:00:00 |a jtorresc | ||
| 260 | |a Bogotá |b Magisterio |c 2004 | ||
| 650 | 0 | |a Innovaciones pedagógicas |9 307471 | |
| 650 | 0 | |a Educación de niños |9 307451 | |
| 650 | 0 | |a Educación preescolar |9 260381 | |
| 650 | 0 | |a Planificación del currículo |9 269599 | |
| 650 | 0 | |a Planes de estudio |9 309935 | |
| 583 | |a last modification |c 20160914 11:00:34 |k Rodrigo Vera | ||
| 490 | 0 | |a Colección Escuela Transformada | |
| 999 | |c 326020 |d 326018 | ||
| 952 | |0 0 |1 0 |4 0 |6 372_210000000000000_IAF_2004 |7 0 |8 A |9 407632 |a BIBEDU |b BIBEDU |c ES_NOD |d 2019-11-22 |i 4346777 |o 372.21 IAF 2004 |p 4346777 |r 2023-08-09 |w 2019-11-22 |y BK |k PAR | ||